LIBRARY & INFORMATION CENTRE, KCAET, TAVANUR

ONLINE PUBLIC ACCESS CATALOGUE (OPAC)

Effect of seal formation due to cattle manure application on infiltration and runoff (Record no. 15200)

MARC details
000 -LEADER
fixed length control field 00714nam a22001817a 4500
003 - CONTROL NUMBER IDENTIFIER
control field OSt
088 ## - REPORT NUMBER
Report number T 148
100 ## - MAIN ENTRY--AUTHOR NAME
Personal name RAKESH K. N
245 ## - TITLE STATEMENT
Title Effect of seal formation due to cattle manure application on infiltration and runoff
260 ## - PUBLICATION, DISTRIBUTION, ETC. (IMPRINT)
Place of publication Tavanur 2003
Name of publisher Department of Irrigation and Drainage Engineering
300 ## - PHYSICAL DESCRIPTION
Number of Pages 96
500 ## - GENERAL NOTE
General note Effect of seal formation due to cattle manure application on infiltration and runoff
520 ## - SUMMARY, ETC.
Summary, etc Effect of seal formation due to cattle manure application on infiltration and runoff
700 ## - ADDED ENTRY--PERSONAL NAME
Personal name Er. V. M Abdul Hakkim (Guide)
856 ## - ELECTRONIC LOCATION AND ACCESS
Uniform Resource Identifier https://drive.google.com/open?id=1VYOOruJjVO7oHtFz7IMSU8p4y5aTT4XE
942 ## - ADDED ENTRY ELEMENTS (KOHA)
Koha item type Theses
Holdings
Collection code Home library Current library Shelving location Full call number Accession Number Koha item type Public note
Reference KAUAET KAUAET Reference 631.587 RAK/EF T 148 Theses M.Tech Thesis
free website counter